000 00713nam a2200193Ia 4500
008 151121s9999||||xx |||||||||||||| ||und||
082 _a781/गर्ग
082 _bHNW-58516
100 _aगर्ग लक्ष्मीनारायण
245 _aसूर-संगीत भाग-2
260 _b"संगीत कार्यालय, हाथरस,उत्तरप्रदेश"
260 _c--
300 _a105
600 _aगर्ग लक्ष्मीनारायण
630 _aसूर-संगीत भाग-2
700 _aगर्ग लक्ष्मीनारायण
730 _aसूर-संगीत भाग-2
942 _cBOOK
999 _c1240336
_d1240333